Εγκυκλοπαίδεια του ποντιακού ελληνισμού : ιστορία - λαογραφία - πολιτισμός
Saved in:
| Other Authors: | |
|---|---|
| Format: | Book |
| Language: | Greek |
| Published: |
Θεσσαλονίκη :
Μαλλιάρης-Παιδεία,
[1998].
|
| Subjects: | |
| Tags: |
Add Tag
No Tags, Be the first to tag this record!
|
MARC
| LEADER | 00000cam a2200000 i 4500 | ||
|---|---|---|---|
| 001 | 1/27642 | ||
| 008 | 020926q19881990gr | ||| |||| ||gre|| | ||
| 035 | |l 10068472 | ||
| 040 | |a GR-MY-UA |b gre |e aacr | ||
| 041 | 0 | |a gre | |
| 082 | 7 | |a 938.993 |2 (22) | |
| 245 | 0 | 0 | |a Εγκυκλοπαίδεια του ποντιακού ελληνισμού : |b ιστορία - λαογραφία - πολιτισμός / |c επιμελητής έκδοσης: Θανάσης Γεωργιάδης. |
| 260 | |a Θεσσαλονίκη : |b Μαλλιάρης-Παιδεία, |c [1998]. | ||
| 300 | |a τ. ; |c 24 εκ. | ||
| 505 | 0 | |a Τ.1. Α-Ε | |
| 650 | 0 | 0 | |a Greeks |z Pontus |x History. |
| 651 | 0 | |a Pontus |x Social life and customs. | |
| 651 | 0 | |a Pontus |x History. | |
| 700 | 0 | |a Γεωργιάδης, Θανάσης, |e edt [Επιμελητής] | |
| 852 | |a INST |b RHODES |e 20020926 |h 938.993 ΕΓΚ |p 005400016169 |q 005400016169 |t REF |v τομ.1: |y 23 | ||
| 901 | |a BIBL4-2002-3 | ||
| 909 | |a Ρ |b 101350 | ||
| 970 | |a ΚΟΥΛΑΚΙΟΤΗ |b ΛΙΤΣΑ |z 2002/09/26 | ||